Novel and Reader /

Bibliographic Details
Main Author: Fletcher, John, 1937-
Format: Book
Language:English
Published: London ; Boston : M. Boyars, 1980.
Subjects:

MARC

Tag First Indicator Second Indicator Subfields
LEADER 00000cam a2200000 a 4500
001 in00000079366
005 20151008060835.0
008 820112s1980 enk b 00110 eng
010 |a  79056842  
015 |a GB*** 
020 |a 0714526207 :  |c $16.00 
035 |a (OCoLC)07020769 
035 |9 AAJ6702AM 
039 0 |a 2  |b 3  |c 3  |d 3  |e 3 
040 |a DLC  |c DLC  |d TXA  |d UtOrBLW 
049 |a TXAM  |c [1561126] 
050 0 0 |a PN3499  |b .F53 
082 0 |a 809.3  |2 19 
100 1 |a Fletcher, John,  |d 1937- 
245 1 0 |a Novel and Reader /  |c John Fletcher. 
264 1 |a London ;  |a Boston :  |b M. Boyars,  |c 1980. 
300 |a 192 pages ;  |c 23 cm. 
336 |a text  |b txt  |2 rdacontent 
337 |a unmediated  |b n  |2 rdamedia 
338 |a volume  |b nc  |2 rdacarrier 
500 |a Includes index. 
504 |a Bibliography: pages 188-189. 
650 0 |a Fiction  |y 19th century  |x History and criticism. 
650 0 |a Fiction  |y 20th century  |x History and criticism. 
999 |a MARS 
999 f f |s 96e5afb6-f061-3b40-ae3c-2348b3f7564e  |i 7ce91348-e293-38d5-9c6d-52a8b526d523  |t 0 
952 f f |p ric  |a Texas A&M University  |b Rellis Campus  |c Joint Library Facility  |d Remote Storage  |t 0  |e PN3499 .F53  |h Library of Congress classification  |i unmediated -- volume  |m A14806179066 
998 f f |a PN3499 .F53  |t 0  |l Remote Storage